• Italia

di Geographic Name

Records bibliografici associati: 1

001 - CONTROL NUMBER

  • control field: 36995

003 - CONTROL NUMBER IDENTIFIER

  • control field: IT-RoINE

005 - DATE AND TIME OF LATEST TRANSACTION

  • control field: 20170718092914.0

008 - FIXED-LENGTH DATA ELEMENTS

  • fixed length control field: 170718|| aca||aabn | a|a d

040 ## - CATALOGING SOURCE

  • Original cataloging agency: IT-RoINE
  • Transcribing agency: IT-RoINE

151 ## - HEADING--GEOGRAPHIC NAME

  • Geographic name: Italia
  • General subdivision: Historia eclesiástica
  • Chronological subdivision: 1861-1914

670 ## - SOURCE DATA FOUND

  • Source citation: Work cat.: (IT-RoINE)3363: Bellò, Carlo, 1923-1983 6765, Geremia Bonomelli /, 1961.